000 01054cam a22003017a 4500
003 CHAP
005 20220329142705.0
008 010926s2000 mx r 00010 spa d
010 _a86571
011 _a87543
020 _a9701873742
035 _a98087
040 _cCHAP
082 0 4 _a634.9618
_aM4
245 0 0 _aManual de capacitación para la prevención y combate de incendios forestales
_c/comp. por Fabián Fernández Sánchez ( y otros)
260 _aMéxico, D.F. :
_bDirección General de Educación Tecnológica Agropecuaria,
_c2001.
300 _a142 p. :
_bilus.
590 _aBATCH-UPD
_b10
_c20130110
_lUCH01
_h1327
590 _aBATCH-UPD
_b10
_c20130410
_lUCH01
_h0834
590 _aBATCH-UPD
_b10
_c20130914
_lUCH01
_h0722
590 _aCONVERSION
_b10
_c20130109
_lUCH01
_h1348
650 0 4 _aBosques
_xIncendios
_xControl.
_914218
650 0 4 _aBosques
_xIncendios
_xPrevención.
_914225
901 _aBK
905 _aAlejandra Carrasco M.
942 _cLIBRO
949 _a634.9618 M4
_bBC
_cLIBRO
_d33724000872065
_eLIBRO
_h103277
_i98087
_si
999 _c86571
_d86571